Orientalia et classica. 3 (74): Красота по-персидски. "Собеседник влюбленных" Шараф ад-Дина Рами (Запись № 12967525)
[ простой вид ]
| 000 -МАРКЕР | |
|---|---|
| контрольное поле | 01735nam2a2200301 4500 |
| 001 - ИДЕНТИФИКАТОР ЗАПИСИ | |
| контрольное поле | RU\NLR\BIBL_A\022176115 |
| 005 - ИДЕНТИФИКАТОР ВЕРСИИ | |
| контрольное поле | 20250625150411.0 |
| 010 ## - МЕЖДУНАРОДНЫЙ СТАНДАРТНЫЙ НОМЕР КНИГИ (ISBN) | |
| Номер (ISBN) | 978-5-7598-2325-4 |
| Тираж | 500 |
| 035 ## - ДРУГИЕ СИСТЕМНЫЕ НОМЕРА | |
| Идентификатор записи | (NLR Aleph) 022176115 |
| 100 ## - ДАННЫЕ ОБЩЕЙ ОБРАБОТКИ | |
| Данные общей обработки | 20240322d2021 |||y0rusy50 ca |
| 101 0# - ЯЗЫК РЕСУРСА | |
| Язык текста, звукозаписи и т.д. | русский |
| 102 ## - СТРАНА ПУБЛИКАЦИИ ИЛИ ПРОИЗВОДСТВА | |
| Страна публикации | Российская Федерация |
| 105 ## - ПОЛЕ КОДИРОВАННЫХ ДАННЫХ: ТЕКСТОВЫЕ МАТЕРИАЛЫ, МОНОГРАФИЧЕСКИЕ | |
| Кодированные данные о монографическом текстовом документе | a|||z|||000zy |
| 200 1# - ЗАГЛАВИЕ И СВЕДЕНИЯ ОБ ОТВЕТСТВЕННОСТИ | |
| Основное заглавие | Красота по-персидски. "Собеседник влюбленных" Шараф ад-Дина Рами |
| Параллельное заглавие | Of Persian beauty. The Lovers' companion by Šaraf ad-Dīn Rāmī |
| Первые сведения об ответственности | Н.Ю. Чалисова |
| Язык параллельного заглавия | английский |
| 210 ## - ПУБЛИКАЦИЯ, РАСПРОСТРАНЕНИЕ И ДР. | |
| Дата издания, распространения и т.д. | 2021 |
| Место издания, распространения и т.д. | Б. м. |
| 215 ## - ФИЗИЧЕСКАЯ ХАРАКТЕРИСТИКА | |
| Специфическое обозначение материала и объем | 430, [1] с. |
| Другие сведения о физической характеристике | ил. |
| Размеры | 22 |
| 320 ## - ПРИМЕЧАНИЯ О НАЛИЧИИ В ДОКУМЕНТЕ БИБЛИОГРАФИИ / УКАЗАТЕЛЯ | |
| Текст примечания | Библиогр.: с. 323-335 и в подстроч. примеч. |
| 461 #0 - УРОВЕНЬ НАБОРА | |
| Встроенное поле | 001RU\NLR\INFOCOMM29\5000539591 |
| -- | 2001#$aOrientalia et classica$eТр. Ин-та вост. культур$fРос. гос. гуманит. ун-т$v3 (74) |
| Системный номер (АБИС) связанной записи | 3055532 |
| Место публикации | М. |
| Дата публикации | 2002 - |
| Первые сведения об ответственности | Рос. гос. гуманит. ун-т |
| Имя издателя, распространителя и т.д. | Изд. центр Рос. гос. гуманит. ун-та |
| Сведения, относящиеся к заглавию | Тр. Ин-та вост. культур |
| Заглавие | Orientalia et classica |
| Номер тома | 3 (74) |
| 510 1# - ПАРАЛЛЕЛЬНОЕ ЗАГЛАВИЕ | |
| Параллельное заглавие | Of Persian beauty. The Lovers' companion by Šaraf ad-Dīn Rāmī |
| Язык заглавия | английский |
| 604 ## - ИМЯ И ЗАГЛАВИЕ КАК ПРЕДМЕТ | |
| Связываемые данные | 700#1$aРами$bШ. ад-Д.$gШараф ад-Дин$f-ок. 1392 |
| -- | 500##$a"Собеседник влюбленных"$2nlr_sh2$3RU\NLR\AUTH\6601707537 |
| Имя лица | Рами, Шараф ад-Дин (-ок. 1392) |
| Заглавие | "Собеседник влюбленных" |
| Системный номер авторитетной/нормативной записи | 2519402 |
| Идентификатор авторитетной/нормативной записи | RU\NLR\AUTH\6601707537 |
| 686 1# - ИНДЕКСЫ ДРУГИХ КЛАССИФИКАЦИЙ | |
| Индекс | Ш5(0)952.314-4Рами |
| 700 #1 - ИМЯ ЛИЦА - ПЕРВИЧНАЯ ОТВЕТСТВЕННОСТЬ | |
| Графика поля | Кириллица |
| Материалы, к которым относится поле | rus |
| Начальный элемент ввода | Чалисова |
| Часть имени, кроме начального элемента ввода | Н. Ю. |
| Расширение инициалов личного имени | Наталья Юрьевна |
| Системный номер авторитетной/нормативной записи | 160398 |
| Идентификатор авторитетной/нормативной записи | RU\NLR\AUTH\770160440 |
| 852 ## - МЕСТОНАХОЖДЕНИЕ И ШИФР ХРАНЕНИЯ | |
| Идентификатор организации | NLR |
| Шифр хранения (Call Number) | П22/7743 |
| 942 ## - ДОПОЛНИТЕЛЬНЫЕ ЭЛЕМЕНТЫ ЗАПИСИ (АБИС) | |
| Тип экземпляра АБИС | Выпуск |
| 980 ## - КОЛЛЕКЦИЯ | |
| Название коллекции | Национальная библиография |
| 980 ## - КОЛЛЕКЦИЯ | |
| Название коллекции | Русская периодика |
Нет доступных экземпляров.